| 000 | 00855nam a2200253 a 4500 | ||
|---|---|---|---|
| 001 | 000010732 | ||
| 005 | 20251020133340.0 | ||
| 008 | 091009s1983 dr a 001 0 spa d | ||
| 040 |
_aDO-SdBNP _bspa _cBNPHU |
||
| 082 |
_a616.12 _bC267c |
||
| 245 | 0 | 0 |
_aCardiodinámica / _cEditor Rafael González de Peña. |
| 260 |
_aSanto Domingo : _bTaller, _c1983. |
||
| 300 |
_a522 p. : _bil. ; _c26 cm. |
||
| 500 | _aIncluye índice | ||
| 500 | _aIncluye referencias bibliográficas y notas al pie de las páginas | ||
| 590 | _aInventariado, 2018/LP | ||
| 650 | 0 |
_aCardiología _93561 |
|
| 650 | 4 |
_aElectrocardiografía _93560 |
|
| 650 | 4 |
_aHipertensión _920166 |
|
| 650 | 4 |
_aIsquemía miocardica _925944 |
|
| 650 | 4 |
_aEnfermedades cardiovasculares _925945 |
|
| 700 | 1 |
_aGonzález de Peña, Rafael, _eed. _925946 |
|
| 910 | _aValidado. Control de calidad BNPHU | ||
| 999 |
_c10487 _d10487 |
||